Statistics for WWE Royal Rumble Entrants Quiz Omnibus #2: 2000 to 2011

Click here to take the quiz!

General Stats

  • This quiz has been taken 156 times
  • The average score is 251 of 370

Answer Stats

ENAnswerEL% Correct
22John Cena36
93%
25John Cena29
93%
19John Cena29
93%
28John Cena24
93%
30John CenaW
93%
18John Cena22
93%
40Kane34
92%
22Kane28
92%
23Kane24
92%
27Kane22
92%
28Kane24
92%
10Kane11
92%
6Kane29
92%
9Kane8
92%
12Kane11
92%
28Kane27
92%
12Kane6
92%
20Kane27
92%
22Triple HW
92%
29Triple H29
92%
1Triple H28
92%
8Triple H17
92%
7Triple H29
92%
7Edge28
91%
29EdgeW
91%
5Edge28
91%
5Edge10
91%
13Edge14
91%
30The Undertaker29
91%
25The Undertaker25
91%
8The Undertaker10
91%
30The UndertakerW
91%
1The Undertaker11
91%
16The Undertaker26
91%
16Randy Orton27
90%
30Randy Orton29
90%
2Randy Orton17
90%
8Randy OrtonW
90%
39Randy Orton38
90%
23Big Show17
88%
6Big Show7
88%
22Big Show22
88%
35Big Show30
88%
27Big Show23
88%
30Big Show25
88%
26Big Show29
88%
24Big Show28
88%
28Chris Jericho26
87%
11Chris Jericho23
87%
2Chris Jericho14
87%
15Chris Jericho10
87%
25Chris Jericho26
87%
11Chris Jericho21
87%
1CM Punk21
87%
11CM Punk22
87%
18CM Punk18
87%
12CM Punk17
87%
3CM Punk7
87%
18Shawn Michaels27
86%
25Shawn Michaels25
86%
19Shawn Michaels15
86%
1Shawn Michaels1
86%
23Shawn Michaels29
86%
2Shawn Michaels12
86%
8Rey Mysterio27
85%
1Rey Mysterio20
85%
4Rey Mysterio3
85%
29Rey Mysterio35
85%
2Rey MysterioW
85%
19Stone Cold Steve Austin27
85%
27Stone Cold Steve AustinW
85%
38Alberto Del RioW
83%
17Goldust8
83%
2Goldust4
83%
27Goldust15
83%
29Goldust20
83%
1Jeff Hardy4
83%
10Jeff Hardy8
83%
15Jeff Hardy11
83%
14Jeff Hardy8
83%
23Matt Hardy14
83%
13Matt Hardy21
83%
4Matt Hardy9
83%
9Matt Hardy9
83%
7Matt Hardy8
83%
17Matt Hardy10
83%
3Matt Hardy3
83%
17Chris Benoit19
82%
1Chris BenoitW
82%
12Chris Benoit17
82%
2Chris Benoit25
82%
8Batista28
81%
28Batista27
81%
28BatistaW
81%
30Batista28
81%
13Cody Rhodes18
81%
13Cody Rhodes13
81%
15Cody Rhodes28
81%
19Mark Henry9
80%
11Mark Henry11
80%
3Mark Henry3
80%
23Mark Henry21
80%
25Mark Henry24
80%
20Kurt Angle14
79%
26Kurt Angle29
79%
19Kurt Angle27
79%
13The Miz5
79%
29The Miz20
79%
16The Miz8
79%
16The Miz13
79%
7Chavo Guerrero Jr.8
78%
10Chavo Guerrero Jr.4
78%
22Chavo Guerrero Jr.11
78%
25Chavo Guerrero Jr.24
78%
26Chavo Guerrero Jr.23
78%
29Christian24
78%
6Christian9
78%
4Christian2
78%
22Christian19
78%
13Christian16
78%
27Dolph Ziggler14
78%
31Dolph Ziggler27
78%
1Dolph Ziggler2
78%
11John Morrison15
78%
7John Morrison10
78%
2John Morrison6
78%
6John Morrison14
78%
20Johnny Nitro15
78%
16Johnny Nitro23
78%
28The Great Khali25
78%
19The Great Khali16
78%
5The Great Khali4
78%
4The Great Khali2
78%
5The Great Khali1
78%
10Booker T9
77%
13Booker T9
77%
30Booker T26
77%
21Booker T17
77%
24Booker T16
77%
11Booker T12
77%
29Brock LesnarW
77%
1Eddie Guerrero11
77%
14Eddie Guerrero13
77%
12King Booker10
77%
5Ric Flair3
77%
30Ric Flair26
77%
1Ric Flair1
77%
25Rob Van Dam22
77%
29Rob Van Dam25
77%
20Rob Van Dam27
77%
12Rob Van Dam26
77%
18Rob Van Dam21
77%
29Rob Van Dam25
77%
4Bradshaw3
76%
16Bradshaw18
76%
5Bradshaw1
76%
27Bradshaw19
76%
2Daniel Bryan8
75%
10Ted Dibiase Jr.14
73%
10Ted Dibiase Jr.27
73%
6Ted Dibiase Jr.7
73%
24The RockW
73%
13The Rock28
73%
30Wade Barrett37
73%
3Justin Gabriel1
72%
26Kofi Kingston31
72%
22Kofi Kingston12
72%
27Kofi Kingston25
72%
28Santino Marella15
72%
37Santino Marella39
72%
3Santino Marella1
72%
28Sheamus32
72%
6Beth Phoenix5
71%
21Mick Foley18
71%
22Mick Foley20
71%
25Heath Slater23
70%
21Jamal23
70%
14Umaga26
70%
14Montel Vontavious Porter9
69%
4Montel Vontavious Porter2
69%
26Montel Vontavious Porter26
69%
30Rikishi26
68%
5Rikishi8
68%
20Rikishi18
68%
14Rikishi11
68%
1Rikishi6
68%
4Hardcore Holly2
67%
23Hardcore Holly22
67%
22Hardcore Holly18
67%
18Hardcore Holly21
67%
5Hardcore Holly6
67%
28Shelton Benjamin24
67%
20Shelton Benjamin10
67%
23Shelton Benjamin20
67%
20Shelton Benjamin18
67%
17Shelton Benjamin7
67%
9Shelton Benjamin10
67%
9Shelton Benjamin14
67%
17Shelton Benjamin14
67%
28Billy Gunn27
66%
25Billy Gunn26
66%
7Billy Gunn7
66%
27Billy Gunn21
66%
11Carlito26
66%
3Carlito3
66%
15Carlito12
66%
27Carlito23
66%
21Carlito22
66%
8Gregory Helms5
66%
10The Hurricane4
66%
23The Hurricane21
66%
5The Hurricane3
66%
10Tommy Dreamer5
65%
6Tommy Dreamer3
65%
7Tommy Dreamer3
65%
21William Regal11
65%
5William Regal3
65%
21William Regal14
65%
17Chyna11
64%
24Crash Holly19
64%
16Crash Holly16
64%
33Drew McIntyre29
64%
9Drew McIntyre16
64%
2Finlay12
64%
27Finlay15
64%
14Finlay21
64%
19K-Kwik16
64%
25R-Truth24
64%
18R-Truth14
64%
24R-Truth17
64%
30Bill Goldberg23
63%
22Test15
63%
10Test17
63%
17Test17
63%
21Test20
63%
15The Sandman6
63%
30X-Pac28
63%
22Albert21
62%
17Albert14
62%
17Albert20
62%
16A-Train13
62%
25A-Train25
62%
18Faarooq12
62%
24Farooq22
62%
11Grand Master Sexay6
62%
2Grand Master Sexay4
62%
23Hornswoggle24
62%
9Hornswoggle16
62%
9Husky Harris15
62%
24Big Daddy V19
61%
32Diesel26
61%
2Evan Bourne1
61%
4Farooq2
61%
19Road Dogg25
61%
8Viscera7
61%
19Viscera13
61%
23Viscera17
61%
27Viscera18
61%
13Spike DudleyDNE
60%
6Scotty 2 Hotty5
59%
26Scotty 2 Hotty23
59%
15Scotty 2 Hotty6
59%
29The Godfather23
59%
16The Godfather15
59%
26Charlie Haas20
58%
19Charlie Haas19
58%
16Charlie Haas13
58%
25Mr. Perfect28
58%
14The Goodfather12
58%
20Mason Ryan18
56%
13Michael McGillicutty20
56%
4Zack Ryder2
56%
7Zack Ryder6
56%
15David Otunga19
55%
11Maven11
55%
26Maven24
55%
7Raven9
55%
6Rhyno7
55%
12Scotty Too Hotty12
55%
36Ezekial Jackson33
54%
23Mr. Kennedy25
54%
19Rowdy Roddy Piper8
54%
7Sabu4
54%
1D'Lo Brown3
53%
20Al Snow24
52%
8Al Snow8
52%
6Al Snow5
52%
18Superfly Jimmy Snuka9
52%
6Vladimir Kozlov4
52%
17Vladimir Kozlov13
52%
3The Big Boss Man1
51%
9The Big Boss Man15
51%
20Val Venis19
51%
20Val Venis22
51%
21Val Venis20
51%
8Bobby Lashley6
50%
15Chuck Palumbo17
50%
10Chuck Palumbo5
50%
26Gene Snitsky20
50%
12Luther Reigns7
50%
9Perry Saturn10
50%
18Perry Saturn18
50%
3Simon Dean1
50%
18Simon Dean12
50%
15Snitsky10
50%
10Steve Blackman7
50%
7Steve Blackman6
50%
24Chris Masters20
49%
14Chris Masters9
49%
26Chris Masters19
49%
24Chris Masters17
49%
27Jack Swagger25
49%
26Jack Swagger23
49%
9JTG7
49%
4JTG3
49%
12JTG6
49%
5Drew Carey5
48%
12Gangrel18
47%
8Tajiri6
47%
4Tajiri2
47%
11The British Bulldog13
47%
21Yoshi Tatsu19
47%
8Yoshi Tatsu5
47%
28Elijah Burke21
46%
11Jamie Noble4
46%
24Paul London18
46%
17Rene Dupree16
46%
15Rene Dupree9
46%
24Tyson Kidd22
46%
11B27
45%
2Bull Buchanan1
45%
14Joey Mercury22
45%
3Kenny Dykstra2
45%
26The Brian Kendrick13
45%
34Alex Riley28
44%
3Daniel Puder1
44%
29Haku24
42%
22Mark Jindrak19
42%
14Diamond Dallas Page13
41%
3Mosh1
40%
19Road Warrior Animal10
40%
24Super Crazy16
40%
13Super Crazy7
40%
21Kevin Thorn16
39%
5Lance Storm2
39%
9Matt Morgan10
39%
12Mike Knox19
39%
23Nunzio22
39%
8Scott Steiner5
39%
15Tazz13
39%
3Christopher Nowinski2
38%
13Muhammad Hassan5
38%
21Orlando Jordan21
38%
14Orlando Jordan8
38%
29Hacksaw Jim Duggan16
37%
4Psicosis2
37%
20Rico16
37%
14Bob Backlund9
36%
16Rosey12
36%
10Sylvan5
36%
17Trevor Murdoch13
36%
15Tatanka12
35%
21Jonathan Coachman23
34%
7Jonathan Coachman4
34%
6Kenzo Suzuki4
34%
18Eugene15
31%
9Bill DeMott4
30%
12The Honky Tonk Man11
30%
16Tyler Reks12
30%
18Ernest Miller15
29%

Score Distribution

Percentile by Number Answered

Percent of People with Each Score

Your Score History

You have not taken this quiz